El Renacimiento (Record no. 86348)

MARC details
000 -LEADER
campo de control de longitud fija 01010nam a2200253 i 4500
001 - NÚMERO DE CONTROL
campo de control 86348
003 - IDENTIFICADOR DE NÚMERO DE CONTROL
campo de control ES-MaACL
005 - FECHA Y HORA DE LA ÚLTIMA TRANSACCIÓN
campo de control 20250910213556.0
007 - CAMPO FIJO DE DESCRIPCIÓN FÍSICA--INFORMACIÓN GENERAL
campo de control de longitud fija t|
008 - DATOS DE LONGITUD FIJA--INFORMACIÓN GENERAL
campo de control de longitud fija 041209s1963 sp ||||1| spa d
100 1# - ENTRADA PRINCIPAL--NOMBRE DE PERSONA
Nombre de persona Plumb, J. H.
9 (RLIN) 186541
245 13 - MENCIÓN DEL TÍTULO
Título El Renacimiento
Resto del título : cultura y arte de una época /
Mención de responsabilidad, etc. publicado bajo la dirección de Richard M. Ketchum ; texto de J.H. Plumb ; ensayos biográficos de Morris Bishop, Garret Mattingly, Kenneth Clark ; [traducción de Juan Godo Costa ; revisión y adiciones por Enrique Bagué].
260 ## - PUBLICACIÓN, DISTRIBUCIÓN, ETC.
Lugar de publicación, distribución, etc. Barcelona :
Nombre del editor, distribuidor, etc. Labor,
Fecha de publicación, distribución, etc. [1963]
300 ## - DESCRIPCIÓN FÍSICA
Extensión 435 p., 30 lám. :
Otras características físicas il. ;
Dimensiones 21 cm.
650 04 - PUNTO DE ACCESO ADICIONAL DE MATERIA--TÉRMINO DE MATERIA
Término de materia o nombre geográfico como elemento de entrada Arte renacentista-
Subdivisión geográfica Italia
9 (RLIN) 10293
700 1# - ENTRADA AGREGADA--NOMBRE PERSONAL
Nombre de persona Ketchum, Richard M.
9 (RLIN) 67960
700 1# - ENTRADA AGREGADA--NOMBRE PERSONAL
Nombre de persona Bishop, Morris.
9 (RLIN) 29008
700 1# - ENTRADA AGREGADA--NOMBRE PERSONAL
Nombre de persona Mattingly, garret.
9 (RLIN) 79151
700 1# - ENTRADA AGREGADA--NOMBRE PERSONAL
Nombre de persona Clark, Kenneth.
9 (RLIN) 39044
700 1# - ENTRADA AGREGADA--NOMBRE PERSONAL
Nombre de persona Godo Costa, Juan.
9 (RLIN) 57532
700 1# - ENTRADA AGREGADA--NOMBRE PERSONAL
Nombre de persona Bagué, Enric,
Fechas asociadas al nombre 1900-1987
9 (RLIN) 161547
852 ## - LOCALIZACIÓN
Ubicación ES-MaACL
Número de control de estantería C-24275
Sublocalización o colección R.53234
Holdings
Estatus retirado Estado de pérdida Estado de daño No para préstamo Biblioteca de origen Biblioteca actual Ubicación en estantería Fecha de adquisición Fuente de adquisición Total de préstamos Signatura topográfica completa Código de barras Visto por última vez Precio de reemplazo Tipo de ítem Koha
        Biblioteca del Ateneo de Madrid Biblioteca del Ateneo de Madrid Depósito 2 17/01/2008     C-24275 1090217 23/02/2023 23/02/2023 Libro impreso